[Event "Blitz 2018"]
[Site "Saint-Petersburg"]
[Date "2018.12.29"]
[Round "3"]
[Board "12"]
[White "Vitiugov Nikita (RUS)"]
[Black "Timofeev Artyom (RUS)"]
[Result "1/2-1/2"]
[LiveChessVersion "1.4.8"]
[BlackElo "2568"]
[WhiteElo "2696"]

1. d4 {[%clk 0:03:02]} d5 {[%clk 0:03:03]} 2. c4 {[%clk 0:03:03]} dxc4
{[%clk 0:03:03]} 3. Nf3 {[%clk 0:03:04]} Nf6 {[%clk 0:03:04]} 4. e3
{[%clk 0:03:04]} e6 {[%clk 0:03:04]} 5. Bxc4 {[%clk 0:03:04]} a6 {[%clk 0:03:04]}
6. O-O {[%clk 0:03:02]} c5 {[%clk 0:03:05]} 7. Be2 {[%clk 0:03:02]} cxd4
{[%clk 0:02:39]} 8. Nxd4 {[%clk 0:02:59]} Bd6 {[%clk 0:02:39]} 9. b3
{[%clk 0:02:44]} O-O {[%clk 0:02:36]} 10. Bb2 {[%clk 0:02:45]} e5
{[%clk 0:02:29]} 11. Nf3 {[%clk 0:02:45]} Qe7 {[%clk 0:02:28]} 12. Nbd2
{[%clk 0:02:37]} Rd8 {[%clk 0:02:12]} 13. Nc4 {[%clk 0:02:25]} Bc7
{[%clk 0:01:58]} 14. Qc2 {[%clk 0:02:06]} Nc6 {[%clk 0:01:58]} 15. Rad1
{[%clk 0:01:59]} Bg4 {[%clk 0:01:57]} 16. h3 {[%clk 0:01:57]} Bh5
{[%clk 0:01:51]} 17. Ba3 {[%clk 0:01:32]} Qe8 {[%clk 0:01:51]} 18. Rxd8
{[%clk 0:01:17]} Rxd8 {[%clk 0:01:52]} 19. Rd1 {[%clk 0:01:18]} e4
{[%clk 0:01:43]} 20. Rxd8 {[%clk 0:01:12]} Qxd8 {[%clk 0:01:43]} 21. Nh2
{[%clk 0:01:00]} Bxe2 {[%clk 0:01:40]} 22. Qxe2 {[%clk 0:01:01]} b5
{[%clk 0:01:37]} 23. Nd2 {[%clk 0:01:01]} Ba5 {[%clk 0:01:17]} 24. Bc1
{[%clk 0:00:46]} Nb4 {[%clk 0:01:06]} 25. Ndf1 {[%clk 0:00:47]} Qd3
{[%clk 0:00:43]} 26. Qb2 {[%clk 0:00:48]} Qc2 {[%clk 0:00:24]} 27. Qxc2
{[%clk 0:00:41]} Nxc2 {[%clk 0:00:25]} 28. Ng4 {[%clk 0:00:40]} Nd5
{[%clk 0:00:20]} 29. Ne5 {[%clk 0:00:41]} Bc3 {[%clk 0:00:16]} 30. Nc6
{[%clk 0:00:36]} f5 {[%clk 0:00:12]} 31. g4 {[%clk 0:00:34]} fxg4
{[%clk 0:00:09]} 32. hxg4 {[%clk 0:00:35]} Ndb4 {[%clk 0:00:10]} 33. Nxb4
{[%clk 0:00:33]} Nxb4 {[%clk 0:00:10]} 34. a3 {[%clk 0:00:32]} Nd3
{[%clk 0:00:11]} 35. Bd2 {[%clk 0:00:33]} Bb2 {[%clk 0:00:12]} 36. a4
{[%clk 0:00:33]} Nc5 {[%clk 0:00:09]} 37. axb5 {[%clk 0:00:30]} axb5
{[%clk 0:00:10]} 38. Ng3 {[%clk 0:00:22]} Be5 {[%clk 0:00:07]} 39. Ne2
{[%clk 0:00:05]} Nxb3 {[%clk 0:00:08]} 40. Bb4 {[%clk 0:00:06]} Kf7
{[%clk 0:00:08]} 41. Kg2 {[%clk 0:00:07]} Ke6 {[%clk 0:00:09]} 42. f4
{[%clk 0:00:06]} exf3+ {[%clk 0:00:10]} 43. Kxf3 {[%clk 0:00:06]} Kd5
{[%clk 0:00:11]} 44. Bf8 {[%clk 0:00:04]} Nd2+ {[%clk 0:00:10]} 45. Kf2
{[%clk 0:00:05]} Kc4 {[%clk 0:00:11]} 46. Nf4 {[%clk 0:00:06]} b4
{[%clk 0:00:11]} 47. Bxb4 {[%clk 0:00:06]} Ne4+ {[%clk 0:00:09]} 48. Ke2
{[%clk 0:00:07]} Bxf4 {[%clk 0:00:09]} 49. exf4 {[%clk 0:00:05]} Kxb4
{[%clk 0:00:10]} 50. Ke3 {[%clk 0:00:06]} Nf6 {[%clk 0:00:06]} 51. g5
{[%clk 0:00:07]} Nh5 {[%clk 0:00:06]} 52. Ke4 {[%clk 0:00:07]} Kc5
{[%clk 0:00:06]} 53. Ke5 {[%clk 0:00:08]} Nxf4 {[%clk 0:00:06]} 54. Kxf4
{[%clk 0:00:09]} Kd6 {[%clk 0:00:07]} 55. Ke4 {[%clk 0:00:04]} Ke6
{[%clk 0:00:06]} 56. Kf4 {[%clk 0:00:05]} Kd5 {[%clk 0:00:08]} 57. Kf5
{[%clk 0:00:06]} Kd4 {[%clk 0:00:09]} 58. g6 {[%clk 0:00:03]} h6 {[%clk 0:00:08]}
59. Ke6 {[%clk 0:00:04]} h5 {[%clk 0:00:09]} 60. Kf5 {[%clk 0:00:03]} Ke3
{[%clk 0:00:09]} 61. Kg5 {[%clk 0:00:07]} Ke4 {[%clk 0:00:10]} 62. Kxh5
{[%clk 0:00:08]} Kf5 {[%clk 0:00:11]} 63. Kh4 {[%clk 0:00:09]} Kxg6
{[%clk 0:00:13]} 64. Kg4 {[%clk 0:00:11]} Kf6 {[%clk 0:00:13]} 1/2-1/2

[Event "Blitz 2018"]
[Site "Saint-Petersburg"]
[Date "2018.12.29"]
[Round "3"]
[Board "13"]
[White "Grachev Boris (RUS)"]
[Black "Duda Jan-Krzysztof (POL)"]
[Result "0-1"]
[LiveChessVersion "1.4.8"]
[BlackElo "2694"]
[WhiteElo "2571"]

1. d4 {[%clk 0:03:03]} Nf6 {[%clk 0:03:03]} 2. Nf3 {[%clk 0:03:04]} b6
{[%clk 0:03:04]} 3. Bf4 {[%clk 0:03:01]} Bb7 {[%clk 0:03:04]} 4. e3
{[%clk 0:02:59]} e6 {[%clk 0:03:02]} 5. c4 {[%clk 0:02:59]} Bb4+ {[%clk 0:02:55]}
6. Nfd2 {[%clk 0:03:00]} O-O {[%clk 0:02:50]} 7. a3 {[%clk 0:02:59]} Be7
{[%clk 0:02:50]} 8. Nc3 {[%clk 0:02:57]} c5 {[%clk 0:02:49]} 9. d5
{[%clk 0:02:52]} d6 {[%clk 0:01:40]} 10. e4 {[%clk 0:02:46]} Nbd7
{[%clk 0:01:21]} 11. Be2 {[%clk 0:02:44]} Ne8 {[%clk 0:01:07]} 12. O-O
{[%clk 0:02:37]} Bf6 {[%clk 0:01:01]} 13. Bg3 {[%clk 0:02:29]} Bxc3
{[%clk 0:00:44]} 14. bxc3 {[%clk 0:02:29]} e5 {[%clk 0:00:45]} 15. a4
{[%clk 0:02:15]} a5 {[%clk 0:00:36]} 16. Nb1 {[%clk 0:02:12]} Bc8
{[%clk 0:00:36]} 17. Na3 {[%clk 0:02:11]} Nc7 {[%clk 0:00:31]} 18. Rb1
{[%clk 0:02:09]} Rb8 {[%clk 0:00:30]} 19. Bd3 {[%clk 0:01:56]} Qe8
{[%clk 0:00:19]} 20. Rb2 {[%clk 0:01:48]} f6 {[%clk 0:00:20]} 21. f3
{[%clk 0:01:33]} Rf7 {[%clk 0:00:20]} 22. Bf2 {[%clk 0:01:23]} Nf8
{[%clk 0:00:17]} 23. Be3 {[%clk 0:01:18]} Bd7 {[%clk 0:00:18]} 24. Nb5
{[%clk 0:01:19]} Nxb5 {[%clk 0:00:16]} 25. cxb5 {[%clk 0:01:19]} g5
{[%clk 0:00:13]} 26. g3 {[%clk 0:00:59]} Ng6 {[%clk 0:00:13]} 27. Rbf2
{[%clk 0:00:53]} Bh3 {[%clk 0:00:14]} 28. Re1 {[%clk 0:00:55]} Qd7
{[%clk 0:00:08]} 29. Bf1 {[%clk 0:00:52]} Bxf1 {[%clk 0:00:07]} 30. Rfxf1
{[%clk 0:00:52]} Rg7 {[%clk 0:00:07]} 31. Kh1 {[%clk 0:00:49]} Kf7
{[%clk 0:00:07]} 32. Qd2 {[%clk 0:00:47]} Ke7 {[%clk 0:00:06]} 33. f4
{[%clk 0:00:43]} gxf4 {[%clk 0:00:06]} 34. gxf4 {[%clk 0:00:44]} Qh3
{[%clk 0:00:07]} 35. Rg1 {[%clk 0:00:30]} Rbg8 {[%clk 0:00:08]} 36. Rg3
{[%clk 0:00:30]} Qh5 {[%clk 0:00:05]} 37. Reg1 {[%clk 0:00:28]} Kf7
{[%clk 0:00:06]} 38. Qg2 {[%clk 0:00:24]} exf4 {[%clk 0:00:05]} 39. Bxf4
{[%clk 0:00:24]} Ke7 {[%clk 0:00:05]} 40. Rh3 {[%clk 0:00:10]} Nh4
{[%clk 0:00:06]} 41. Qxg7+ {[%clk 0:00:11]} Rxg7 {[%clk 0:00:07]} 42. Rxg7+
{[%clk 0:00:12]} Ke8 {[%clk 0:00:07]} 43. Rg1 {[%clk 0:00:08]} Qe2
{[%clk 0:00:07]} 44. Rxh4 {[%clk 0:00:04]} Qxe4+ {[%clk 0:00:08]} 45. Rg2
{[%clk 0:00:05]} Qe1+ {[%clk 0:00:09]} 46. Rg1 {[%clk 0:00:07]} Qxh4
{[%clk 0:00:10]} 47. Rf1 {[%clk 0:00:04]} Kd7 {[%clk 0:00:11]} 48. Bg3
{[%clk 0:00:04]} Qxa4 {[%clk 0:00:11]} 49. Rxf6 {[%clk 0:00:05]} Qd1+
{[%clk 0:00:10]} 50. Kg2 {[%clk 0:00:05]} Qxd5+ {[%clk 0:00:11]} 51. Kh3
{[%clk 0:00:05]} a4 {[%clk 0:00:11]} 52. c4 {[%clk 0:00:05]} Qd3 {[%clk 0:00:07]}
53. Rf7+ {[%clk 0:00:05]} Ke6 {[%clk 0:00:09]} 54. Ra7 {[%clk 0:00:04]} Qf1+
{[%clk 0:00:09]} 55. Kg4 {[%clk 0:00:04]} Qxc4+ {[%clk 0:00:08]} 56. Kg5
{[%clk 0:00:05]} Qxb5 {[%clk 0:00:08]} 57. Rxh7 {[%clk 0:00:00]} Ke5 0-1

[Event "Blitz 2018"]
[Site "Saint-Petersburg"]
[Date "2018.12.29"]
[Round "3"]
[Board "14"]
[White "Kovalenko Igor (LAT)"]
[Black "Miton Kamil (POL)"]
[Result "1-0"]
[LiveChessVersion "1.4.8"]
[BlackElo "2520"]
[WhiteElo "2693"]

1. Nf3 {[%clk 0:03:03]} Nf6 {[%clk 0:03:03]} 2. d4 {[%clk 0:03:04]} e6
{[%clk 0:03:04]} 3. e3 {[%clk 0:03:05]} b6 {[%clk 0:03:04]} 4. Bd3
{[%clk 0:03:06]} Bb7 {[%clk 0:03:05]} 5. O-O {[%clk 0:03:07]} Be7
{[%clk 0:03:04]} 6. c4 {[%clk 0:03:08]} c5 {[%clk 0:03:04]} 7. Nc3
{[%clk 0:03:09]} cxd4 {[%clk 0:03:03]} 8. exd4 {[%clk 0:03:10]} d6
{[%clk 0:03:00]} 9. d5 {[%clk 0:03:11]} e5 {[%clk 0:02:55]} 10. Nh4
{[%clk 0:03:12]} Nbd7 {[%clk 0:02:38]} 11. Nf5 {[%clk 0:03:07]} O-O
{[%clk 0:02:36]} 12. Qf3 {[%clk 0:02:40]} Ne8 {[%clk 0:02:01]} 13. Ne4
{[%clk 0:01:24]} Kh8 {[%clk 0:01:43]} 14. Qh3 {[%clk 0:00:59]} g6
{[%clk 0:01:26]} 15. Nxe7 {[%clk 0:00:51]} Qxe7 {[%clk 0:01:26]} 16. Ng5
{[%clk 0:00:50]} f6 {[%clk 0:01:19]} 17. Ne6 {[%clk 0:00:51]} Rg8
{[%clk 0:01:19]} 18. f4 {[%clk 0:00:52]} Nc5 {[%clk 0:01:00]} 19. Bc2
{[%clk 0:00:53]} Nxe6 {[%clk 0:00:54]} 20. dxe6 {[%clk 0:00:53]} Ng7
{[%clk 0:00:40]} 21. fxe5 {[%clk 0:00:31]} dxe5 {[%clk 0:00:41]} 22. Bxg6
{[%clk 0:00:32]} Nxe6 {[%clk 0:00:40]} 23. Rxf6 {[%clk 0:00:33]} Nf4
{[%clk 0:00:12]} 24. Bxf4 exf4 25. Rf7 {[%clk 0:00:24]} Qc5+ {[%clk 0:00:14]} 26.
Kh1 {[%clk 0:00:13]} Bxg2+ {[%clk 0:00:06]} 27. Qxg2 {[%clk 0:00:14]} hxg6
{[%clk 0:00:05]} 28. Qh3+ {[%clk 0:00:13]} Qh5 {[%clk 0:00:06]} 29. Qc3+
{[%clk 0:00:14]} 1-0

[Event "Blitz 2018"]
[Site "Saint-Petersburg"]
[Date "2018.12.29"]
[Round "3"]
[Board "15"]
[White "Dreev Aleksey (RUS)"]
[Black "Bilguun Sumiya (MGL)"]
[Result "1/2-1/2"]
[LiveChessVersion "1.4.8"]
[BlackElo "2469"]
[WhiteElo "2675"]

1. d4 {[%clk 0:03:03]} d5 {[%clk 0:03:02]} 2. c4 {[%clk 0:03:04]} e6
{[%clk 0:03:03]} 3. Nf3 {[%clk 0:03:04]} c6 {[%clk 0:03:04]} 4. Qc2
{[%clk 0:02:59]} dxc4 {[%clk 0:03:03]} 5. Qxc4 {[%clk 0:03:00]} b5
{[%clk 0:03:04]} 6. Qc2 {[%clk 0:03:00]} Bb7 {[%clk 0:03:05]} 7. a4
{[%clk 0:02:56]} Nf6 {[%clk 0:03:03]} 8. e3 {[%clk 0:02:56]} a6 {[%clk 0:03:01]}
9. Be2 {[%clk 0:02:40]} Nbd7 {[%clk 0:03:01]} 10. O-O {[%clk 0:02:39]} Rc8
{[%clk 0:03:02]} 11. b3 {[%clk 0:02:28]} Be7 {[%clk 0:02:49]} 12. Bb2
{[%clk 0:02:12]} c5 {[%clk 0:02:34]} 13. Qd1 {[%clk 0:02:07]} b4 {[%clk 0:02:13]}
14. Nbd2 {[%clk 0:02:04]} O-O {[%clk 0:02:13]} 15. Nc4 {[%clk 0:02:04]} cxd4
{[%clk 0:02:08]} 16. Nxd4 {[%clk 0:01:57]} Nc5 {[%clk 0:02:06]} 17. Bf3
{[%clk 0:01:49]} Bd5 {[%clk 0:01:59]} 18. Bxd5 {[%clk 0:01:41]} Nxd5
{[%clk 0:02:00]} 19. Rc1 {[%clk 0:01:41]} Bf6 {[%clk 0:01:57]} 20. Qc2
{[%clk 0:01:35]} Qe7 {[%clk 0:01:11]} 21. Rfd1 {[%clk 0:01:35]} Rfd8
{[%clk 0:01:08]} 22. h3 {[%clk 0:01:29]} h6 {[%clk 0:01:07]} 23. Qb1
{[%clk 0:01:25]} Qa7 {[%clk 0:00:55]} 24. Na5 {[%clk 0:01:21]} Qb6
{[%clk 0:00:46]} 25. Nc4 {[%clk 0:01:11]} Qa7 {[%clk 0:00:47]} 26. Na5
{[%clk 0:01:02]} Qb6 {[%clk 0:00:41]} 27. Nc4 {[%clk 0:01:01]} Qa7
{[%clk 0:00:42]} 28. Na5 {[%clk 0:00:56]} 1/2-1/2

[Event "Blitz 2018"]
[Site "Saint-Petersburg"]
[Date "2018.12.29"]
[Round "3"]
[Board "19"]
[White "Sarana Alexey (RUS)"]
[Black "Yu Yangyi (CHN)"]
[Result "1-0"]
[LiveChessVersion "1.4.8"]
[BlackElo "2804"]
[WhiteElo "2616"]

1. d4 {[%clk 0:03:03]} Nf6 {[%clk 0:03:03]} 2. c4 {[%clk 0:03:04]} e6
{[%clk 0:03:04]} 3. Nf3 {[%clk 0:03:05]} d5 {[%clk 0:03:05]} 4. Nc3
{[%clk 0:03:06]} dxc4 {[%clk 0:03:03]} 5. e4 {[%clk 0:03:08]} b5 {[%clk 0:03:02]}
6. e5 {[%clk 0:03:09]} Nd5 {[%clk 0:03:03]} 7. Nxb5 {[%clk 0:03:10]} Nb6
{[%clk 0:03:02]} 8. Bg5 {[%clk 0:03:11]} Be7 {[%clk 0:03:00]} 9. Qd2
{[%clk 0:03:12]} O-O {[%clk 0:02:59]} 10. Be2 {[%clk 0:03:13]} Bb7
{[%clk 0:02:58]} 11. O-O {[%clk 0:03:13]} Bxg5 {[%clk 0:02:50]} 12. Nxg5
{[%clk 0:03:12]} h6 {[%clk 0:02:50]} 13. Nf3 {[%clk 0:03:12]} N8d7
{[%clk 0:02:39]} 14. Rac1 {[%clk 0:03:09]} Rb8 {[%clk 0:02:38]} 15. Rfd1
{[%clk 0:03:03]} a6 {[%clk 0:02:33]} 16. Na3 {[%clk 0:03:02]} Bd5
{[%clk 0:02:33]} 17. Nxc4 {[%clk 0:02:56]} Nxc4 {[%clk 0:02:35]} 18. Bxc4
{[%clk 0:02:57]} Bxf3 {[%clk 0:02:36]} 19. gxf3 {[%clk 0:02:58]} Rb6
{[%clk 0:02:25]} 20. b3 {[%clk 0:02:59]} Qe7 {[%clk 0:02:17]} 21. Qe3
{[%clk 0:02:58]} Rd8 {[%clk 0:02:11]} 22. f4 {[%clk 0:02:59]} a5 {[%clk 0:02:07]}
23. d5 {[%clk 0:02:59]} Nf8 {[%clk 0:01:54]} 24. d6 {[%clk 0:02:57]} Qd7
{[%clk 0:01:49]} 25. Bd3 {[%clk 0:02:34]} c5 {[%clk 0:01:18]} 26. Rxc5
{[%clk 0:02:33]} Rdb8 {[%clk 0:01:15]} 27. Rxa5 {[%clk 0:02:27]} Qd8
{[%clk 0:01:14]} 28. Rc5 {[%clk 0:02:26]} Rb4 {[%clk 0:01:11]} 29. Bc4
{[%clk 0:02:23]} Ng6 {[%clk 0:01:12]} 30. f5 {[%clk 0:02:07]} exf5
{[%clk 0:00:58]} 31. e6 {[%clk 0:02:08]} fxe6 {[%clk 0:00:59]} 32. Qxe6+ Kh7 33.
Qxf5 {[%clk 0:02:08]} Qh4 {[%clk 0:00:57]} 34. Qh5 {[%clk 0:01:06]} Qf6
{[%clk 0:00:35]} 35. d7 {[%clk 0:01:02]} Nf4 {[%clk 0:00:32]} 36. Qf5+
{[%clk 0:01:02]} 1-0

[Event "Blitz 2018"]
[Site "Saint-Petersburg"]
[Date "2018.12.29"]
[Round "3"]
[Board "20"]
[White "Svidler Peter (RUS)"]
[Black "Tsydypov Zhamsaran (RUS)"]
[Result "1-0"]
[LiveChessVersion "1.4.8"]
[BlackElo "2573"]
[WhiteElo "2770"]

1. c4 {[%clk 0:03:02]} e5 {[%clk 0:02:59]} 2. Nc3 {[%clk 0:03:03]} Nf6
{[%clk 0:02:56]} 3. g3 {[%clk 0:03:03]} Nc6 {[%clk 0:02:56]} 4. Bg2
{[%clk 0:03:03]} Bb4 {[%clk 0:02:55]} 5. Nf3 {[%clk 0:02:43]} O-O
{[%clk 0:02:50]} 6. O-O {[%clk 0:02:44]} Bxc3 {[%clk 0:02:49]} 7. bxc3
{[%clk 0:02:44]} d6 {[%clk 0:02:49]} 8. Ne1 {[%clk 0:02:26]} Ne7 {[%clk 0:02:38]}
9. Nc2 {[%clk 0:02:19]} c6 {[%clk 0:02:29]} 10. e4 {[%clk 0:02:13]} Be6
{[%clk 0:02:13]} 11. Ne3 {[%clk 0:02:07]} d5 {[%clk 0:02:10]} 12. exd5
{[%clk 0:02:07]} cxd5 {[%clk 0:02:11]} 13. Ba3 {[%clk 0:02:06]} dxc4
{[%clk 0:02:04]} 14. Bxb7 {[%clk 0:02:00]} Rb8 {[%clk 0:02:05]} 15. Bg2
{[%clk 0:02:00]} Qc7 {[%clk 0:02:02]} 16. Qa4 {[%clk 0:01:50]} Rfd8
{[%clk 0:01:39]} 17. Rab1 {[%clk 0:01:51]} Rb6 {[%clk 0:01:17]} 18. Bb4
{[%clk 0:01:17]} Qd7 {[%clk 0:00:41]} 19. Qxd7 {[%clk 0:01:07]} Rxd7
{[%clk 0:00:41]} 20. Bc5 {[%clk 0:01:08]} Rxb1 {[%clk 0:00:37]} 21. Rxb1
{[%clk 0:01:09]} Nc8 {[%clk 0:00:23]} 22. Rb8 {[%clk 0:01:05]} Rxd2
{[%clk 0:00:22]} 23. Bb7 {[%clk 0:00:58]} Rd8 {[%clk 0:00:22]} 24. Bxa7
{[%clk 0:00:49]} Re8 {[%clk 0:00:22]} 25. Bxc8 {[%clk 0:00:43]} Rxc8
{[%clk 0:00:21]} 26. Rxc8+ {[%clk 0:00:44]} Bxc8 {[%clk 0:00:22]} 27. a4
{[%clk 0:00:41]} Ba6 {[%clk 0:00:20]} 28. Bb8 {[%clk 0:00:42]} Nd7
{[%clk 0:00:19]} 29. Ba7 {[%clk 0:00:40]} f6 {[%clk 0:00:19]} 30. Nd5
{[%clk 0:00:41]} Kf7 {[%clk 0:00:19]} 31. Nc7 {[%clk 0:00:37]} Bb7
{[%clk 0:00:20]} 32. a5 {[%clk 0:00:39]} Ke7 {[%clk 0:00:20]} 33. Be3
{[%clk 0:00:36]} Nb8 {[%clk 0:00:19]} 34. f4 {[%clk 0:00:34]} Kd7
{[%clk 0:00:19]} 35. Nb5 {[%clk 0:00:35]} Ba6 {[%clk 0:00:19]} 36. Na3
{[%clk 0:00:33]} Nc6 {[%clk 0:00:20]} 37. fxe5 {[%clk 0:00:33]} fxe5
{[%clk 0:00:21]} 38. Bb6 {[%clk 0:00:35]} Ne7 {[%clk 0:00:20]} 39. Bc5
{[%clk 0:00:27]} Nd5 {[%clk 0:00:21]} 40. Bf8 {[%clk 0:00:24]} Nxc3
{[%clk 0:00:20]} 41. Bxg7 {[%clk 0:00:25]} Ke6 {[%clk 0:00:21]} 42. Kf2
{[%clk 0:00:27]} Nd5 {[%clk 0:00:18]} 43. Ke2 {[%clk 0:00:24]} c3+
{[%clk 0:00:19]} 44. Kd1 {[%clk 0:00:26]} Bd3 {[%clk 0:00:15]} 45. Nc2
{[%clk 0:00:25]} e4 {[%clk 0:00:13]} 46. Bh6 {[%clk 0:00:26]} Kd7
{[%clk 0:00:11]} 47. Ne3 {[%clk 0:00:23]} Nb4 {[%clk 0:00:12]} 48. Bg7
{[%clk 0:00:24]} c2+ {[%clk 0:00:09]} 49. Kd2 {[%clk 0:00:25]} Nc6
{[%clk 0:00:06]} 50. Bc3 {[%clk 0:00:24]} Ke6 {[%clk 0:00:05]} 51. Nxc2
{[%clk 0:00:25]} Kf5 {[%clk 0:00:05]} 52. Ne3+ {[%clk 0:00:25]} Ke6
{[%clk 0:00:07]} 53. g4 {[%clk 0:00:26]} h6 {[%clk 0:00:06]} 54. h4
{[%clk 0:00:27]} Kf7 {[%clk 0:00:06]} 55. Nd5 {[%clk 0:00:25]} Bc4
{[%clk 0:00:05]} 56. Nf4 {[%clk 0:00:23]} Ba6 {[%clk 0:00:04]} 57. Ke3 Bb7 58. g5
{[%clk 0:00:23]} hxg5 {[%clk 0:00:07]} 59. hxg5 {[%clk 0:00:24]} Ne7
{[%clk 0:00:09]} 60. Kd4 {[%clk 0:00:18]} Nf5+ {[%clk 0:00:07]} 61. Ke5
{[%clk 0:00:18]} Ne7 {[%clk 0:00:07]} 62. Kd6 {[%clk 0:00:17]} e3
{[%clk 0:00:07]} 63. Kc5 {[%clk 0:00:13]} Bf3 {[%clk 0:00:07]} 64. a6
{[%clk 0:00:12]} Ng6 {[%clk 0:00:04]} 65. Nd5 {[%clk 0:00:12]} Ke6
{[%clk 0:00:05]} 66. Nxe3 {[%clk 0:00:11]} Nh4 {[%clk 0:00:05]} 67. a7
{[%clk 0:00:11]} Ba8 {[%clk 0:00:06]} 68. Nc4 {[%clk 0:00:09]} Kf7
{[%clk 0:00:07]} 69. Ne5+ {[%clk 0:00:07]} Kg7 {[%clk 0:00:08]} 70. Nf3+
{[%clk 0:00:05]} Kg6 {[%clk 0:00:08]} 71. Nxh4+ {[%clk 0:00:06]} Kxg5
{[%clk 0:00:10]} 72. Be1 {[%clk 0:00:07]} 1-0

[Event "Blitz 2018"]
[Site "Saint-Petersburg"]
[Date "2018.12.29"]
[Round "3"]
[Board "21"]
[White "Lintchevski Daniil (RUS)"]
[Black "Giri Anish (NED)"]
[Result "1-0"]
[LiveChessVersion "1.4.8"]
[BlackElo "2751"]
[WhiteElo "2594"]

1. e4 {[%clk 0:03:02]} c5 {[%clk 0:03:04]} 2. Nf3 {[%clk 0:03:01]} d6
{[%clk 0:03:05]} 3. d4 {[%clk 0:03:01]} cxd4 {[%clk 0:03:07]} 4. Nxd4
{[%clk 0:03:02]} Nf6 {[%clk 0:03:08]} 5. Nc3 a6 6. h3 {[%clk 0:02:54]} e5
{[%clk 0:03:11]} 7. Nf3 {[%clk 0:02:55]} h6 {[%clk 0:03:00]} 8. Bc4
{[%clk 0:02:54]} Be7 {[%clk 0:02:59]} 9. O-O {[%clk 0:02:50]} O-O
{[%clk 0:03:00]} 10. Nh4 {[%clk 0:02:31]} Be6 {[%clk 0:02:37]} 11. Bb3
{[%clk 0:02:30]} Nc6 {[%clk 0:02:32]} 12. Be3 {[%clk 0:02:17]} Bxb3
{[%clk 0:02:16]} 13. axb3 {[%clk 0:02:16]} Nxe4 {[%clk 0:02:16]} 14. Nxe4
{[%clk 0:02:15]} Bxh4 {[%clk 0:02:18]} 15. Qxd6 {[%clk 0:02:09]} Be7
{[%clk 0:02:09]} 16. Qxd8 {[%clk 0:01:57]} Rfxd8 {[%clk 0:02:06]} 17. g4
{[%clk 0:01:55]} Nb4 {[%clk 0:01:56]} 18. c4 {[%clk 0:01:38]} Nc2
{[%clk 0:01:53]} 19. Rad1 {[%clk 0:01:35]} Nxe3 {[%clk 0:01:14]} 20. fxe3
{[%clk 0:01:35]} Kf8 {[%clk 0:01:14]} 21. Kg2 {[%clk 0:01:35]} Ke8
{[%clk 0:01:14]} 22. Nc3 {[%clk 0:01:36]} Rxd1 {[%clk 0:01:01]} 23. Rxd1
{[%clk 0:01:37]} Rd8 {[%clk 0:01:02]} 24. Nd5 {[%clk 0:01:38]} Rd7
{[%clk 0:01:03]} 25. Kf3 {[%clk 0:01:29]} b5 {[%clk 0:00:57]} 26. Ke4
{[%clk 0:01:27]} f6 {[%clk 0:00:40]} 27. Ra1 {[%clk 0:01:22]} bxc4
{[%clk 0:00:20]} 28. bxc4 {[%clk 0:01:24]} Rb7 {[%clk 0:00:19]} 29. Rxa6
{[%clk 0:01:18]} Rxb2 {[%clk 0:00:21]} 30. Kf5 {[%clk 0:01:15]} Bd8
{[%clk 0:00:21]} 31. Ke6 {[%clk 0:01:11]} Rb7 {[%clk 0:00:22]} 32. c5
{[%clk 0:01:09]} Rb8 {[%clk 0:00:14]} 33. c6 Rc8 34. c7 {[%clk 0:01:09]} Bxc7
{[%clk 0:00:16]} 35. Nxc7+ {[%clk 0:01:09]} Kf8 {[%clk 0:00:16]} 36. Ra8
{[%clk 0:01:07]} Rxa8 {[%clk 0:00:17]} 37. Nxa8 {[%clk 0:01:08]} 1-0

[Event "Blitz 2018"]
[Site "Saint-Petersburg"]
[Date "2018.12.29"]
[Round "3"]
[Board "22"]
[White "Fedoseev Vladimir (RUS)"]
[Black "Goganov Aleksey (RUS)"]
[Result "1/2-1/2"]
[LiveChessVersion "1.4.8"]
[BlackElo "2539"]
[WhiteElo "2750"]

1. d4 {[%clk 0:03:02]} d5 {[%clk 0:03:03]} 2. c4 {[%clk 0:03:03]} c6
{[%clk 0:03:04]} 3. Nf3 {[%clk 0:03:04]} Nf6 {[%clk 0:03:05]} 4. Qb3
{[%clk 0:03:06]} dxc4 {[%clk 0:03:05]} 5. Qxc4 {[%clk 0:03:06]} Bg4
{[%clk 0:03:00]} 6. h3 {[%clk 0:03:07]} Bxf3 {[%clk 0:02:57]} 7. gxf3
{[%clk 0:03:08]} Nbd7 {[%clk 0:02:55]} 8. f4 {[%clk 0:03:06]} e6 {[%clk 0:02:43]}
9. Nd2 {[%clk 0:02:54]} Nd5 {[%clk 0:02:40]} 10. e3 {[%clk 0:02:46]} a5
{[%clk 0:02:39]} 11. a3 {[%clk 0:02:42]} a4 {[%clk 0:02:31]} 12. Nf3
{[%clk 0:02:38]} Be7 {[%clk 0:02:29]} 13. Bd2 {[%clk 0:02:34]} O-O
{[%clk 0:02:27]} 14. Bg2 {[%clk 0:02:31]} f5 {[%clk 0:02:13]} 15. O-O
{[%clk 0:02:25]} Rf6 {[%clk 0:02:14]} 16. Kh2 {[%clk 0:02:20]} Rh6
{[%clk 0:02:13]} 17. Ne5 {[%clk 0:02:02]} Nxe5 {[%clk 0:02:07]} 18. fxe5
{[%clk 0:01:59]} Rh4 {[%clk 0:01:52]} 19. f4 {[%clk 0:01:51]} Kh8
{[%clk 0:01:51]} 20. Rac1 {[%clk 0:01:42]} g5 {[%clk 0:01:27]} 21. Qe2
{[%clk 0:00:41]} gxf4 {[%clk 0:01:18]} 22. exf4 {[%clk 0:00:43]} Qb6
{[%clk 0:01:01]} 23. Bxd5 {[%clk 0:00:36]} cxd5 {[%clk 0:01:00]} 24. Be1
{[%clk 0:00:33]} Rh6 {[%clk 0:00:59]} 25. Bc3 {[%clk 0:00:31]} Rg8
{[%clk 0:00:56]} 26. Rg1 {[%clk 0:00:32]} Rhg6 {[%clk 0:00:57]} 27. Rxg6
{[%clk 0:00:32]} Rxg6 {[%clk 0:00:58]} 28. Rg1 {[%clk 0:00:32]} Rxg1
{[%clk 0:00:57]} 29. Kxg1 {[%clk 0:00:34]} Qb3 {[%clk 0:00:58]} 30. Qh5
{[%clk 0:00:27]} Bf8 {[%clk 0:00:51]} 31. Kf2 {[%clk 0:00:20]} Qc2+
{[%clk 0:00:51]} 32. Qe2 {[%clk 0:00:21]} Qxe2+ {[%clk 0:00:48]} 33. Kxe2
{[%clk 0:00:22]} Kg7 {[%clk 0:00:48]} 34. Kf3 {[%clk 0:00:14]} Kf7
{[%clk 0:00:49]} 35. Ke3 {[%clk 0:00:15]} Ke8 {[%clk 0:00:51]} 36. Kd3
{[%clk 0:00:16]} Kd7 {[%clk 0:00:52]} 37. Kc2 {[%clk 0:00:13]} Kc6
{[%clk 0:00:53]} 38. b3 {[%clk 0:00:12]} Kb5 {[%clk 0:00:51]} 39. Kb2
{[%clk 0:00:11]} Be7 {[%clk 0:00:52]} 40. Be1 {[%clk 0:00:11]} Bd8
{[%clk 0:00:47]} 41. Bf2 {[%clk 0:00:13]} Bb6 {[%clk 0:00:44]} 42. Kc3
{[%clk 0:00:12]} Ba5+ {[%clk 0:00:43]} 43. b4 {[%clk 0:00:12]} Bd8
{[%clk 0:00:44]} 44. Kd3 {[%clk 0:00:12]} Be7 {[%clk 0:00:45]} 45. Be1
{[%clk 0:00:13]} Bd8 {[%clk 0:00:46]} 46. Bf2 {[%clk 0:00:14]} Be7
{[%clk 0:00:48]} 47. Be1 {[%clk 0:00:16]} Bd8 {[%clk 0:00:40]} 1/2-1/2